| 000 | 00811nas a2200265Ia 4500 | ||
|---|---|---|---|
| 001 | A07/R079-18940 [r000018083] | ||
| 003 | IT-MiCISF | ||
| 008 | 161014c99999999xx |||||||||||| ||und|| | ||
| 040 |
_aIT-MiCISF _cIT-MiCISF |
||
| 041 | _aITALIANO | ||
| 100 | _aColombo Roberto | ||
| 210 | _aAnthropotes | ||
| 222 | _aAnthropotes | ||
| 245 | 0 | _aStatuto biologico e statuto oncologico dell'embrione e del feto umano | |
| 250 | _a1a ed. | ||
| 260 | _c1996 | ||
| 501 |
_bCISF - Centro Internazionale Studi Famiglia - Via Giotto, 36 20145 MILANO (non commercial uses only) _cCopyright 2016 |
||
| 300 | _app. 133-162 | ||
| 362 | _an. 1, giugno [1996] | ||
| 500 | _a Tema: bioetica, embrione, persona | ||
| 650 |
_aBIOETICA _varticolo |
||
| 700 | _aAA.VV. | ||
| 942 | _cCR | ||
| 957 | _71 | ||
| 999 |
_a18940 _bSi _g1 _c226593 _d226593 |
||